| 000 | 00626nam a22001457a 4500 | ||
|---|---|---|---|
| 020 | _a978-1-862-30539-7 | ||
| 082 |
_a823 _bCOL/C |
||
| 100 | _aCOLE, STEVE | ||
| 245 |
_aCOWS IN ACTION _bTHE BATTLE FOR CHRISTMOOS |
||
| 260 |
_aGREAT BRITAIN _bRED FOX BOOK _c2008 |
||
| 300 | _a148 | ||
| 520 | _aA fabulous festive tale starring our courageous cow heroes. While travelling in time, Professor McMoo and his CIA squad are accidentally dropped into Christmas Eve 1066, on the eve of William the Conqueror's coronation as King. And the whole land has gone Christmas crazy! | ||
| 650 |
_aADVENTURE STORY _zUNITED KINGDOM |
||
| 942 | _cBK | ||
| 999 |
_c6039 _d6039 |
||